000 01073nam0a22002651 4500
001 rc\3031495
005 20250805160813.4
035 _a(NLR Aleph) 007172413
090 _a7359512
_c7359512
100 _a20111001d1941 |||y0rusy50 ca
101 0 _arus
102 _aRU
105 _ay z |||||
200 1 _aРусская правда
_fВступ. статью и комментарий к текстам сост. М.Н. Тихомиров
_gМоск. гос. ин-т истории, философии и литературы им. Н.Г. Чернышевского
210 _aМосква
_cБ. и.
_d1941
_gтип. газ. "Правда" им. Сталина
215 _a120, [3] с.
_d22 см
320 _aБиблиогр.: "Литература русской правды" (с. 30-33)
702 1 _aТихомиров
_bМ. Н.
_4080
801 0 _aRU
_bNLR
_gpsbo
801 1 _aRU
_bELAR
_2rusmarc
852 _aNLR
_jИр16 Г-6/3
942 _cBOOK
945 _aРоссийская национальная библиотека
980 _aNB
980 _aBV